000 00724cam a22001937a 4500
020 _a9789251069738
020 _a9251069735
040 _cAU@
082 0 4 _a333 COM 2011 A079 Or.
245 0 0 _aSurveying and monitoring of animal genetic resources.
260 _aRome :
_bCommission on Genetic Resources for Food and Agriculture, Food and Agriculture Organization of the United Nations,
_c2011.
300 _aix,144 p. :
_bill. ;
_c25 cm.
490 1 _aFAO animal production and health guidelines,
650 0 _aGermplasm resources, Animal.
650 0 _aSurveying.
710 2 _aCommission on Genetic Resources for Food and Agriculture.
856 4 1 _uhttp://www.fao.org/docrep/014/ba0055e/ba0055e00.pdf
942 _cEK
999 _c15927
_d15927